Online
Catalog

Democracia "a la uruguaya" / (Record no. 13619)

MARC details
000 -CABECERA
campo de control de longitud fija 00862cam a2200229 a 4500
001 - NÚMERO DE CONTROL
campo de control 000014015
005 - FECHA Y HORA DE LA ÚLTIMA TRANSACCIÓN
campo de control 20200929163434.0
008 - DATOS DE LONGITUD FIJA--INFORMACIÓN GENERAL
campo de control de longitud fija 850219s1984 uy a b 001 0 spa
040 ## - FUENTE DE LA CATALOGACIÓN
Centro catalogador/agencia de origen DO-SdBNP
Lengua de catalogación spa
Centro/agencia transcriptor DLC
Centro/agencia modificador BNPHU
082 ## - NÚMERO DE LA CLASIFICACIÓN DECIMAL DEWEY
Número de clasificación 324.0985
Número de documento/Ítem F825d
049 ## - FONDOS LOCALES (OCLC)
Fondos de biblioteca BNGR
100 1# - ENTRADA PRINCIPAL--NOMBRE DE PERSONA
Nombre de persona Franco, Rolando.
9 (RLIN) 31710
245 10 - MENCIÓN DE TÍTULO
Título Democracia "a la uruguaya" /
Mención de responsabilidad, etc. Rolando Franco.
260 ## - PUBLICACIÓN, DISTRIBUCIÓN, ETC.
Lugar de publicación, distribución, etc. Montevideo, (Uruguay) :
Nombre del editor, distribuidor, etc. El Libro Libre,
Fecha de publicación, distribución, etc. 1984.
300 ## - DESCRIPCIÓN FÍSICA
Extensión 136 p. :
Otras características físicas il. ;
Dimensiones 19 cm.
500 ## - NOTA GENERAL
Nota general "Un análisis electoral del período 1925-1984"--Covierta.
504 ## - NOTA DE BIBLIOGRAFÍA, ETC.
Nota de bibliografía, etc. Incluye referencias bibliográficas: p. [137] - [140].
650 #4 - PUNTO DE ACCESO ADICIONAL DE MATERIA--TÉRMINO DE MATERIA
Término de materia o nombre geográfico como elemento de entrada Elecciones
Subdivisión geográfica Uruguay
Subdivisión general Historia
Subdivisión cronológica SIGLO XX
9 (RLIN) 31711
650 #4 - PUNTO DE ACCESO ADICIONAL DE MATERIA--TÉRMINO DE MATERIA
Término de materia o nombre geográfico como elemento de entrada Partidos políticos
Subdivisión geográfica Uruguay
Subdivisión general Historia
Subdivisión cronológica SIGLO XX
9 (RLIN) 31712
650 #4 - PUNTO DE ACCESO ADICIONAL DE MATERIA--TÉRMINO DE MATERIA
Término de materia o nombre geográfico como elemento de entrada Gobierno representativo
Subdivisión geográfica Uruguay
Subdivisión general Historia
Subdivisión cronológica SIGLO XX
9 (RLIN) 31713
910 ## - DATOS DE OPCIÓN DEL USUARIO (OCLC)
Datos de opción del usuario Catalogación por copia / LC
Holdings
Estado de retiro Estado de pérdida Restricciones de uso No para préstamo Código de colección Localización permanente Ubicación/localización actual Ubicación en estantería Fecha de adquisición Número de inventario Total de préstamos Signatura topográfica completa Código de barras Fecha visto por última vez Precio válido a partir de Tipo de ítem Koha
    Préstamo interno   Monografías: Libros y Folletos General General En catalogación 02.12.2009 LF1   324.0985 F825d 14015-10 25.06.2020 25.06.2020 Préstamo interno

Powered by Koha